000 00733nam a2200289Ia 4500
005 20260324130853.0
008 008 260324s9999 xx 000 0 eng d
020 _a9780203059296
037 _aEBOOK
040 _aCRL
040 _beng
040 _cCRL
041 _2eng
041 _aeng
084 _qCRL
100 _aMichel Prum; Marie-Claude Barbier; Bénédicte Deschamps
_91183368
245 0 _aRacial, Ethnic, and Homophobic Violence
245 0 _bKilling in the Name of Otherness
260 _bTaylor and Francis
260 _c2007
365 _a
365 _b240
856 _uhttp://www.taylorfrancis.com/books/9780203059296
942 _cEBOOK
999 _c1780005
_d1780005